henry danger cast - Statistics

General Stats
  • This quiz has been taken 322 times
  • The average score is 5 of 9
Answer Stats
Character in Show Actor/ Actress % Correct
Henry Hart Jace Norman
99%
Ray Manchester Cooper Barnes
82%
Piper Hart Ella Anderson
75%
Jasper Dunlop Sean Ryan Fox
71%
Charlotte Bolton Riele Downs
70%
Schwoz Shwartz Michael Cohen
38%
Siren Hart Kelly Sullivan
23%
Mr. Gooch Duncan Bravo
21%
Jacob Hart Jeffrey Nicholas Brown
17%
No matching quizzes found
Score Distribution
Percent of People with Each Score
Percentile by Number Answered
Your Score History
You have not taken this quiz